000 00742nam0a22002411 4500
001 v19\rc\1306209
005 20260406195717.0
035 _a(NLR Aleph) 004463849
090 _a4530732
_c4530732
100 _a20060512d1898 |||y0rusy50 ca
101 0 _arus
102 _aRU
105 _aa z |||||
200 1 _aНастоящие швейные машины Зингер
205 _a[Рекламное изд.]
210 _aМосква
_dценз. 1898
215 _a24 с.
_cил.
710 0 2 _a"Зингер К", акционерное общество
_cПетербург
_3RU\NLR\AUTH\889959103
_9414381
801 0 _aRU
_bNLR
_gpsbo
801 1 _aRU
_bProSoft-M
_2rusmarc
852 _aNLR
_j34.82.8.839
942 _cBOOK
980 _aNB